Maaf, kuturut kata hati

Bibliographic Details
Main Author: Norzatul Shema Yahaya
Format: Book
Published: Selangor : Penerbitan Prisma , 2006
Series:Aku pun punya hati
Subjects:

MARC

LEADER 00000cam a2200000 7i4500
001 0000000394
005 20160330.0
008 070702
020 |a 9838773506 
090 0 0 |a NOR   |b MAL 
100 0 |a Norzatul Shema Yahaya 
245 1 0 |a Maaf, kuturut kata hati   |c Norzatul Shema Yahaya 
260 |a Selangor :   |b Penerbitan Prisma ,   |c 2006 
440 |a Aku pun punya hati 
500 |a Teenager ages 13-18 years old (blue) 
650 0 |a Junior fiction   |x Malay   |x Languages 
999 |a 0000947416   |b Book   |c Teenagers   |e Cawangan Bukit Gambir 
999 |a 0000947417   |b Book   |c Teenagers   |e Cawangan Bukit Gambir 
999 |a 0000947418   |b Book   |c Teenagers   |e Cawangan Bukit Gambir 
999 |a 0000960484   |b Book   |c Teenagers   |e Perbadanan Perpustakaan Awam Johor 
999 |a 0000960485   |b Book   |c Teenagers   |e Perbadanan Perpustakaan Awam Johor 
999 |a 0000960486   |b Book   |c Teenagers   |e Perbadanan Perpustakaan Awam Johor 
999 |a 0000960487   |b Book   |c Teenagers   |e Perbadanan Perpustakaan Awam Johor 
999 |a 0000960488   |b Book   |c Teenagers   |e Perbadanan Perpustakaan Awam Johor 
999 |a 0001144298   |b Book   |c Children Collection   |e Cawangan Taman Universiti 
999 |a 0001144300   |b Book   |c Teenagers   |e Cawangan Segamat